000 00418nam a22001457a 4500
999 _c80217
_d80217
005 20201130142349.0
008 201130b ||||| |||| 00| 0 eng d
040 _cStAFF
_dStAFF
245 _aNiemandszeit
_bEin märkisches Lesebuch
_cAngela Kiefer-Hofmann
250 _a3. Auflage
_b2012
260 _aJacobsdorf
_bVerlag Die Furt
_c[2004]
300 _a270 Seiten
942 _2z
_cB